Torino FC Squad 2024-2025 - Statistics

General Stats
  • This quiz has been taken 229 times
    137 since last reset
  • The average score is 22 of 33
Answer Stats
# Position Nation Player % Correct
32 GK Serbia Vanja Milinković-Savić
99%
91 FW Colombia Duván Zapata
93%
9 FW Paraguay Antonio Sanabria
90%
18 FW Scotland Ché Adams
90%
10 MF Croatia Nikola Vlašić
88%
23 DF Equatorial Guinea Saúl Coco
88%
13 DF Chile Guillermo Maripán
87%
11 MF North Macedonia Elif Elmas
85%
28 MF Italy Samuele Ricci
84%
8 MF Serbia Ivan Ilić
78%
66 MF Lithuania Gvidas Gineitis
77%
77 MF Poland Karol Linetty
76%
- Coach Italy Paolo Vanoli
76%
3 DF Netherlands Perr Schuurs
76%
20 MF Austria Valentino Lazaro
76%
7 FW France Yann Karamoh
76%
5 DF Morocco Adam Masina
75%
22 MF Italy Cesare Casadei
73%
16 DF Norway Marcus Pedersen
73%
27 MF Kosovo Mërgim Vojvoda
67%
34 DF Italy Cristiano Biraghi
63%
61 MF France Adrien Tamèze
62%
4 DF Poland Sebastian Walukiewicz
60%
24 DF Croatia Borna Sosa
59%
1 GK Italy Alberto Paleari
54%
17 GK Italy Antonio Donnarumma
52%
21 DF France Ali Dembélé
42%
26 MF Turkey Emirhan İlkhan
39%
79 FW Cyprus Zanos Savva
33%
15 FW France Amine Salama
30%
2 DF DR Congo Brian Bayeye
29%
72 MF Italy Aaron Ciammaglichella
16%
80 DF France Côme Bianay Balcot
7%
No matching quizzes found
Score Distribution
Percent of People with Each Score
Percentile by Number Answered
Your Score History
You have not taken this quiz since the last reset